[Event "POL-ch U20"]
[Site "Karpacz"]
[Date "2022.11.21"]
[Round "3"]
[White "Rog, Bartlomiej"]
[Black "Gozdzicki, Maciej"]
[Result "1/2-1/2"]
[WhiteElo "2055"]
[BlackElo "1711"]
[PlyCount "61"]
[EventDate "2022.11.19"]
[EventType "swiss"]
[EventRounds "9"]
[EventCountry "POL"]
[SourceTitle "EXT 2024"]
[Source "ChessBase"]
[SourceDate "2023.10.10"]
[SourceVersion "1"]
[SourceVersionDate "2023.10.10"]
[SourceQuality "1"]

1. Nf3 c5 2. b3 Nf6 3. Bb2 e6 4. c4 d5 5. cxd5 exd5 6. d4 Nc6 7. dxc5 Bxc5 8. e3 0-0 9. Be2 Qe7 10. 0-0 Bf5 11. Nc3 Rad8 12. Nb5 Rfe8 13. Nbd4 Nxd4 14. Nxd4 Be4 15. Rc1 Bd6 16. Nf3 Ng4 17. h3 Bxf3 18. Bxf3 Nxe3 19. fxe3 Qxe3+ 20. Rf2 Bg3 21. Qd2 Bxf2+ 22. Qxf2 d4 23. Rd1 Qxf2+ 24. Kxf2 d3 25. Rd2 Rc8 26. Bd1 Rcd8 27. Bf3 Rc8 28. Bd1 Rcd8 29. Bf3 Rc8 30. Bd1 Rcd8 31. Bf3 1/2-1/2

[Event "POL-chT U20 2nd League"]
[Site "Szczyrk"]
[Date "2017.07.25"]
[Round "5.90"]
[White "Golinski, Kacper"]
[Black "Gozdzicki, Maciej"]
[Result "1-0"]
[WhiteElo "1613"]
[BlackElo "1544"]
[PlyCount "64"]
[EventDate "2017.07.22"]
[EventType "team-swiss"]
[EventRounds "11"]
[EventCountry "POL"]
[SourceTitle "EXT 2019"]
[Source "ChessBase"]
[SourceDate "2018.10.10"]
[SourceVersion "1"]
[SourceVersionDate "2018.10.10"]
[SourceQuality "1"]

1. e4 c5 2. Nf3 e6 3. d4 cxd4 4. Nxd4 a6 5. c4 Nf6 6. Bd3 Nc6 7. Nxc6 bxc6 8. 0-0 Qc7 9. f4 Bc5+ 10. Kh1 d5 11. e5 Nd7 12. Nc3 Bb7 13. Qe2 0-0 14. Bd2 Rfd8 15. Rae1 g6 16. Rf3 Nb6 17. Rg3 dxc4 18. Bb1 Be7 19. Rf1 Bf8 20. f5 exf5 21. Bxf5 Bg7 22. e6 gxf5 23. Bf4 Qe7 24. Bh6 f6 25. Rxg7+ Qxg7 26. Bxg7 Kxg7 27. Qh5 Rf8 28. Qxf5 Rae8 29. Ne4 Nd5 30. Qg4+ Kh8 31. Nd6 Ne3 32. Nxe8 Rxe8 1-0

[Event "POL-chT U20 2nd League"]
[Site "Szczyrk"]
[Date "2017.07.23"]
[Round "2.91"]
[White "Fiszer, Bartosz"]
[Black "Gozdzicki, Maciej"]
[Result "1/2-1/2"]
[WhiteElo "1767"]
[BlackElo "1544"]
[PlyCount "84"]
[EventDate "2017.07.22"]
[EventType "team-swiss"]
[EventRounds "11"]
[EventCountry "POL"]
[SourceTitle "EXT 2019"]
[Source "ChessBase"]
[SourceDate "2018.10.10"]
[SourceVersion "1"]
[SourceVersionDate "2018.10.10"]
[SourceQuality "1"]

1. c4 Nf6 2. Nf3 g6 3. g3 Bg7 4. Bg2 0-0 5. 0-0 d6 6. Nc3 Nc6 7. d3 Nh5 8. Rb1 f5 9. e3 e5 10. d4 f4 11. dxe5 fxg3 12. hxg3 Nxe5 13. Nxe5 Bxe5 14. g4 Qh4 15. f4 Bxg4 16. Qd5+ Kg7 17. Bd2 c6 18. Qd3 Bf5 19. Ne4 Bxe4 20. Bxe4 Qg3+ 21. Kh1 Nf6 22. Bf3 Qh3+ 23. Kg1 Ng4 24. Qe2 Qg3+ 25. Qg2 Qxg2+ 26. Kxg2 Nxe3+ 27. Bxe3 Bxf4 28. Bd4+ Be5 29. Rbd1 Bxd4 30. Rxd4 Rf6 31. Re1 Raf8 32. Re7+ R8f7 33. Rxf7+ Kxf7 34. b4 Ke6 35. b5 Kd7 36. bxc6+ bxc6 37. c5 Kc7 38. Ra4 Kb7 39. Rb4+ Kc7 40. Ra4 Kb7 41. Rb4+ Kc7 42. Ra4 Kb7 1/2-1/2

[Event "POL-chT U19 2nd League"]
[Site "Iwonicz"]
[Date "2016.07.31"]
[Round "4.75"]
[White "Goszyk, Bartosz"]
[Black "Gozdzicki, Maciej"]
[Result "0-1"]
[WhiteElo "1126"]
[BlackElo "1514"]
[PlyCount "100"]
[EventDate "2016.07.23"]
[EventType "team-swiss"]
[EventRounds "11"]
[EventCountry "POL"]
[SourceTitle "EXT 2019"]
[Source "ChessBase"]
[SourceDate "2018.10.10"]
[SourceVersion "1"]
[SourceVersionDate "2018.10.10"]
[SourceQuality "1"]
[WhiteTeam "Cieszyn MUKS SZS U19"]
[BlackTeam "Strzelce Krajenskie STMGK U19"]
[WhiteTeamCountry "POL"]
[BlackTeamCountry "POL"]

1. e4 c5 2. Nf3 e6 3. d4 cxd4 4. Nxd4 a6 5. Nc3 b5 6. Bd3 Bb7 7. 0-0 Qc7 8. Be3 Nf6 9. f3 Bc5 10. Bf2 0-0 11. Qd2 d5 12. exd5 Nxd5 13. Nxd5 Bxd5 14. Nb3 Bxf2+ 15. Qxf2 Nc6 16. Qh4 h6 17. Rad1 Rac8 18. Rfe1 Ne5 19. c3 Bxf3 20. Rd2 Nxd3 21. Rxd3 Bd5 22. Ree3 Bxb3 23. axb3 Rfd8 24. Kf2 Rxd3 25. Rxd3 Qc5+ 26. Qd4 Kf8 27. Qxc5+ Rxc5 28. Rd6 a5 29. Ra6 b4 30. c4 Ke7 31. Ra7+ Kf6 32. Rb7 a4 33. Rxb4 axb3 34. Ke2 Ke5 35. Kd3 Kf4 36. Rb5 Rxb5 37. cxb5 Ke5 38. Kc3 Kd6 39. Kxb3 Kc5 40. Kc3 Kxb5 41. b3 e5 42. g4 g6 43. h4 f5 44. gxf5 gxf5 45. h5 f4 46. Kd3 f3 47. Kd2 Kb4 48. Ke1 Kxb3 49. Kd2 e4 50. Ke3 Kc3 0-1

[Event "POL-chT U19 2nd League"]
[Site "Iwonicz"]
[Date "2016.07.31"]
[Round "1.45"]
[White "Gozdzicki, Maciej"]
[Black "Kukula, Karol"]
[Result "1/2-1/2"]
[WhiteElo "1514"]
[BlackElo "1550"]
[PlyCount "84"]
[EventDate "2016.07.23"]
[EventType "team-swiss"]
[EventRounds "11"]
[EventCountry "POL"]
[SourceTitle "EXT 2019"]
[Source "ChessBase"]
[SourceDate "2018.10.10"]
[SourceVersion "1"]
[SourceVersionDate "2018.10.10"]
[SourceQuality "1"]
[WhiteTeam "Strzelce Krajenskie STMGK U19"]
[BlackTeam "Gliwice Politechnika Slaska U19"]
[WhiteTeamCountry "POL"]
[BlackTeamCountry "POL"]

1. d4 Nf6 2. Nf3 e6 3. c4 Bb4+ 4. Bd2 Qe7 5. a3 Bxd2+ 6. Nbxd2 d6 7. e3 0-0 8. Bd3 e5 9. Qc2 Bg4 10. dxe5 dxe5 11. Be2 Nc6 12. Nb3 a5 13. Rd1 Rfd8 14. 0-0 Rxd1 15. Rxd1 Rd8 16. Nc1 Rd7 17. Nd2 Bxe2 18. Nxe2 h6 19. Nc3 Qd8 20. Kf1 Kf8 21. Ke2 Ke7 22. h3 Kf8 23. Nde4 Rxd1 24. Qxd1 Qxd1+ 25. Kxd1 Nxe4 26. Nxe4 Ke7 27. Ke2 b6 28. Nc3 Kd7 29. g4 Nd8 30. Ne4 Ne6 31. Ng3 g6 32. Ne4 Ke7 33. Nc3 Ng7 34. Nd5+ Kd6 35. Nf6 Ke6 36. Nd5 Kd6 37. Nf6 Ke6 38. Nd5 Kd6 39. Nf6 Ke6 40. Nd5 Kd6 41. Nf6 c6 42. h4 Ke6 1/2-1/2

[Event "POL-chT U19 2nd League"]
[Site "Iwonicz"]
[Date "2016.07.31"]
[Round "3.45"]
[White "Suder, Jakub"]
[Black "Gozdzicki, Maciej"]
[Result "1/2-1/2"]
[WhiteElo "1751"]
[BlackElo "1514"]
[PlyCount "159"]
[EventDate "2016.07.23"]
[EventType "team-swiss"]
[EventRounds "11"]
[EventCountry "POL"]
[SourceTitle "EXT 2019"]
[Source "ChessBase"]
[SourceDate "2018.10.10"]
[SourceVersion "1"]
[SourceVersionDate "2018.10.10"]
[SourceQuality "1"]
[WhiteTeam "Myslenice MAT U20"]
[BlackTeam "Strzelce Krajenskie STMGK U19"]
[WhiteTeamCountry "POL"]
[BlackTeamCountry "POL"]

1. e4 c5 2. Nf3 e6 3. d4 cxd4 4. Nxd4 a6 5. Bd3 Qc7 6. 0-0 Nf6 7. c4 b6 8. Nc3 Bb7 9. Qe2 d6 10. f4 Nc6 11. Be3 Be7 12. a3 0-0 13. Rac1 Rad8 14. f5 Nxd4 15. Bxd4 e5 16. Nd5 Bxd5 17. cxd5 Qb8 18. Bf2 b5 19. Rc6 Qb7 20. a4 bxa4 21. Rb6 Qc7 22. Rc6 Qb7 23. Rb6 Qc7 24. Rxa6 Ra8 25. Rc6 Qb7 26. Rfc1 Rfc8 27. Bb5 Rxc6 28. Bxc6 Qc7 29. Rc3 Ra5 30. g4 Qb8 31. g5 a3 32. bxa3 Qb1+ 33. Qe1 Qxe1+ 34. Bxe1 Nxe4 35. Re3 Bxg5 36. Rxe4 Rxa3 37. Ra4 Rxa4 38. Bxa4 Be3+ 39. Kg2 Bc5 40. Kf3 Kf8 41. Bf2 Bb4 42. Bh4 f6 43. Bf2 Ke7 44. Ke4 Ba3 45. h4 Kf7 46. Bc2 Ke7 47. Ba4 Bb4 48. Bb5 Ba5 49. Be3 Kd8 50. Ba6 Kc7 51. Bc1 Kb6 52. Bc8 Bb4 53. Be3+ Kc7 54. Be6 Kb7 55. Bg8 h6 56. Bf7 Be1 57. Kf3 Bxh4 58. Kg4 Bg5 59. Bxg5 hxg5 60. Kf3 Kb6 61. Bh5 Kc5 62. Ke4 Kc4 63. Bf3 Kc3 64. Ke3 Kc4 65. Bg2 Kc3 66. Be4 Kc4 67. Bf3 Kc3 68. Be2 Kc2 69. Bf3 Kc3 70. Bg2 Kc4 71. Be4 Kc3 72. Bd3 Kb4 73. Ke4 Kc3 74. Ke3 Kb4 75. Bf1 Kc3 76. Ba6 Kc2 77. Ke2 Kc3 78. Ke3 Kc2 79. Bd3+ Kc3 80. Be2 1/2-1/2

[Event "POL-ch U14"]
[Site "Suwalki"]
[Date "2015.04.14"]
[Round "9"]
[White "Gozdzicki, Maciej"]
[Black "Fus, Jakub"]
[Result "0-1"]
[WhiteElo "1443"]
[BlackElo "1821"]
[PlyCount "104"]
[EventDate "2015.04.08"]
[EventType "swiss"]
[EventRounds "9"]
[EventCountry "POL"]
[SourceTitle "EXT 2017"]
[Source "ChessBase"]
[SourceDate "2016.10.25"]
[SourceVersion "1"]
[SourceVersionDate "2016.10.25"]
[SourceQuality "1"]

1. e4 e6 2. d4 d5 3. Nd2 c5 4. c3 Nc6 5. Bb5 a6 6. Bxc6+ bxc6 7. Ne2 Nf6 8. e5 Nd7 9. 0-0 Be7 10. Kh1 0-0 11. f4 f6 12. Nf3 Qc7 13. Qc2 cxd4 14. Nexd4 Nc5 15. exf6 Bxf6 16. Be3 Ne4 17. Nd2 Nxd2 18. Qxd2 c5 19. Nb3 Be7 20. Qf2 c4 21. Nd4 e5 22. Ne2 Rb8 23. Ng3 Bd6 24. Qd2 Bb7 25. Ne2 Rbe8 26. fxe5 Bxe5 27. Bf4 Bxf4 28. Rxf4 Rxf4 29. Nxf4 Qe5 30. Kg1 h6 31. g3 Qe4 32. Ng2 Qe2 33. Qxe2 Rxe2 34. b3 Rc2 35. Rb1 d4 36. Ne1 Rxc3 37. bxc4 Be4 38. Rb8+ Kf7 39. Kf2 Rxc4 40. Rb3 a5 41. Nf3 Rc2+ 42. Kg1 Bxf3 43. Rxf3+ Kg6 44. Ra3 Kf5 45. Rxa5+ Ke4 46. h3 d3 47. Kf1 Ke3 48. Ra3 Kd2 49. g4 Rc3 50. Ra8 Kc1 51. Rd8 d2 52. Ke2 Rc2 0-1

[Event "POL-ch U14"]
[Site "Suwalki"]
[Date "2015.04.11"]
[Round "5"]
[White "Banach, Jakub"]
[Black "Gozdzicki, Maciej"]
[Result "1-0"]
[WhiteElo "1392"]
[BlackElo "1443"]
[PlyCount "149"]
[EventDate "2015.04.08"]
[EventType "swiss"]
[EventRounds "9"]
[EventCountry "POL"]
[SourceTitle "EXT 2017"]
[Source "ChessBase"]
[SourceDate "2016.10.25"]
[SourceVersion "1"]
[SourceVersionDate "2016.10.25"]
[SourceQuality "1"]

1. e4 c5 2. Nf3 e6 3. d4 cxd4 4. Nxd4 a6 5. Bd3 b5 6. 0-0 Bb7 7. a4 b4 8. b3 Qc7 9. Bb2 Nf6 10. Nd2 Be7 11. Qe2 d5 12. e5 Nfd7 13. f4 Bc5 14. Kh1 Nc6 15. N2f3 h6 16. Nxc6 Qxc6 17. Rad1 Bb6 18. Nd4 Qc7 19. f5 Bxd4 20. Bxd4 Nf8 21. Qg4 Rg8 22. Bb2 g6 23. fxe6 Nxe6 24. Qxb4 Qc6 25. Ba3 Qc7 26. Qd6 Qxd6 27. Bxd6 Rc8 28. b4 h5 29. b5 axb5 30. Bxb5+ Bc6 31. Rxd5 Bxb5 32. axb5 Rxc2 33. b6 Rb2 34. Bc5 Rb5 35. Rc1 Nxc5 36. Rdxc5 Rxc5 37. Rxc5 Kd7 38. Rc7+ Ke6 39. b7 Rb8 40. Kg1 Kxe5 41. Rxf7 Rd8 42. Rd7 Rb8 43. Kf2 Ke6 44. Rg7 Kf6 45. Rc7 Ke6 46. Rc6+ Kf7 47. Rb6 g5 48. Kf3 Ke7 49. Rh6 Kf7 50. Rxh5 Kg6 51. Kg4 Rxb7 52. Rxg5+ Kh6 53. Ra5 Rb4+ 54. Kh3 Rb3+ 55. g3 Kg6 56. Kh4 Rb2 57. h3 Rb4+ 58. g4 Rb3 59. Ra6+ Kg7 60. g5 Kf7 61. Rf6+ Kg7 62. Kg4 Rb4+ 63. Rf4 Rb1 64. h4 Rg1+ 65. Kh5 Rc1 66. Ra4 Rc7 67. Ra5 Rb7 68. g6 Rc7 69. Kg5 Rb7 70. h5 Rb8 71. h6+ Kg8 72. h7+ Kh8 73. Kh6 Rb6 74. Ra8+ Rb8 75. Rxb8# 1-0

[Event "POL-ch U14"]
[Site "Suwalki"]
[Date "2015.04.10"]
[Round "4"]
[White "Gozdzicki, Maciej"]
[Black "Wloch, Mikolaj"]
[Result "1-0"]
[WhiteElo "1443"]
[BlackElo "1564"]
[PlyCount "67"]
[EventDate "2015.04.08"]
[EventType "swiss"]
[EventRounds "9"]
[EventCountry "POL"]
[SourceTitle "EXT 2017"]
[Source "ChessBase"]
[SourceDate "2016.10.25"]
[SourceVersion "1"]
[SourceVersionDate "2016.10.25"]
[SourceQuality "1"]

1. d4 d5 2. c4 c6 3. Nf3 Nf6 4. Nc3 dxc4 5. a4 Bf5 6. e3 e6 7. Bxc4 Bb4 8. Bd2 Nbd7 9. 0-0 Qc7 10. Bb3 Bd6 11. Rc1 a6 12. h3 h6 13. Re1 Ne4 14. d5 Nxf2 15. Kxf2 Bg3+ 16. Kg1 Bxe1 17. Qxe1 Qb6 18. dxe6 fxe6 19. Nd4 Nc5 20. Bc2 Bxc2 21. Rxc2 0-0 22. Qe2 Rf6 23. Be1 Raf8 24. Bg3 Rf1+ 25. Kh2 Ra1 26. Bf4 Nxa4 27. Nxa4 Rxa4 28. Nxe6 Rf6 29. Qg4 g5 30. Nxg5 hxg5 31. Qxg5+ Kf7 32. Qh5+ Ke6 33. Qe8+ Kd5 34. Qe5# 1-0

[Event "POL Olympiad U12"]
[Site "Spala"]
[Date "2014.12.30"]
[Round "5.13"]
[White "Gozdzicki, Maciej"]
[Black "Mis, Mieszko"]
[Result "0-1"]
[WhiteElo "1373"]
[BlackElo "1619"]
[PlyCount "98"]
[EventDate "2014.04.06"]
[EventType "swiss"]
[EventRounds "9"]
[EventCountry "POL"]
[SourceTitle "EXT 2023"]
[Source "ChessBase"]
[SourceDate "2022.10.05"]
[SourceVersion "1"]
[SourceVersionDate "2022.10.05"]
[SourceQuality "1"]

1. d4 Nf6 2. c4 g6 3. Nc3 Bg7 4. e4 d6 5. f3 0-0 6. Be3 Nc6 7. g4 a6 8. Qd2 Rb8 9. 0-0-0 e5 10. d5 Nd4 11. Nce2 Nxe2+ 12. Nxe2 b5 13. Ng3 b4 14. h4 Nd7 15. h5 Nc5 16. hxg6 fxg6 17. Bh6 Qf6 18. Bxg7 Qxg7 19. Be2 Qf7 20. Kb1 Qf4 21. Qe1 Bd7 22. Qg1 a5 23. Nf5 Qg5 24. Qh2 Kf7 25. Qxh7+ Ke8 26. Rh6 gxf5 27. gxf5 Qg8 28. Qg6+ Qxg6 29. Rxg6 Kf7 30. Rdg1 Rg8 31. b3 Rxg6 32. Rxg6 Rg8 33. Rxg8 Kxg8 34. Kc2 Kg7 35. Kd2 Kf6 36. Ke3 Kg5 37. Bd1 a4 38. Bc2 Be8 39. Bd1 Nxb3 40. Bxb3 axb3 41. axb3 Bh5 42. Kf2 Kf4 43. f6 Kg5 44. Ke3 Kxf6 45. f4 exf4+ 46. Kxf4 Bd1 47. e5+ dxe5+ 48. Ke4 Bxb3 49. c5 Bxd5+ 0-1

[Event "POL Olympiad U12"]
[Site "Spala"]
[Date "2014.12.30"]
[Round "1.18"]
[White "Gozdzicki, Maciej"]
[Black "Pijewski, Milosz"]
[Result "1-0"]
[WhiteElo "1373"]
[BlackElo "1572"]
[PlyCount "51"]
[EventDate "2014.04.06"]
[EventType "swiss"]
[EventRounds "9"]
[EventCountry "POL"]
[SourceTitle "EXT 2023"]
[Source "ChessBase"]
[SourceDate "2022.10.05"]
[SourceVersion "1"]
[SourceVersionDate "2022.10.05"]
[SourceQuality "1"]

1. d4 Nf6 2. c4 e6 3. Nc3 Bb4 4. Bd2 0-0 5. Nf3 b6 6. a3 Be7 7. e4 Bb7 8. Qc2 d5 9. e5 dxc4 10. exf6 Bxf6 11. Bxc4 Bxf3 12. gxf3 Qxd4 13. Bd3 g6 14. Be3 Qe5 15. 0-0-0 a6 16. h4 Rc8 17. h5 c5 18. hxg6 hxg6 19. Rdg1 Kf8 20. Bh6+ Ke7 21. Re1 Bg5+ 22. Kb1 Qf4 23. Nd5+ Kd6 24. Nxf4 Bxf4 25. Bxf4+ Kd7 26. Bxg6 1-0